Başkent gölgesinde İstanbul (Record no. 8918)
[ view plain ]
| 000 -BAŞLIK | |
|---|---|
| Sabit Uzunlukta Kontrol Alanı | 00923na a2200289 4500 |
| 001 - KONTROL NUMARASI | |
| Denetim Alanı | 14119 |
| 003 - KONTROL NUMARASI IDENTIFIER | |
| Denetim Alanı | MIRAKIL |
| 005 - SON İŞLEM TARİHİ VE ZAMANI | |
| Denetim Alanı | 20181213155228.0 |
| 008 - SABİT-BOY VERİ ELEMANLARI - GENEL BİLGİLER | |
| Sabit Uzunlukta Kontrol Alanı | 161102b tu 000 0 |
| 020 ## - ULUSLARARASI STANDART KİTAP NUMARASI | |
| Uluslararası Standart Kitap Numarası | 9750500857 |
| 035 ## - SİSTEM KONTROL NUMARASI | |
| Sistem Kontrol Numarası | 14119 |
| 040 ## - KATALOGLAMA KAYNAK | |
| Orijinal Kataloglama Ajansı | Milas |
| Kataloglama Dili | tur |
| Metne Dönüştürmek Ajansı | TR-AnCHP |
| 082 ## - DEWEY ONLU SINIFLANDIRMA NUMARASI | |
| Sınıflandırma Numarası | CHP 923.2 İsvan, A. |
| Ürün Numarası | İ78b 2002 |
| 090 ## - SINIFLAMA NUMARASI | |
| Sınıflama Numarası | CHP 923.2 İsvan,A. İ78b 2002 |
| 100 ## - ANA GİRİŞ - KİŞİSEL İSİM | |
| Kişisel Ad | İsvan, Ahmet |
| 245 ## - BAŞLIK TABLOSU | |
| Başlık | Başkent gölgesinde İstanbul |
| Sorumluluk Tablosu, Vb | Ahmet İsvan |
| 260 ## - YAYIN, DAĞITIM, VB | |
| Yayın, Dağıtım, Vb Yeri | İstanbul |
| Yayıncı, Dağıtıcı, Vs Adı | İletişim yayınları |
| Yayın, Dağıtım, Vb Tarihi | 2002 |
| 300 ## - FİZİKSEL TANIM | |
| Kapsam | 322 s. |
| Diğer Fiziksel Ayrıntıları | res. |
| Boyutlar | 20 sm. |
| 490 ## - SERİSİ TABLOSU | |
| Seri Beyanı | İletişim yayınları |
| Hacim / Ardışık Tanımı | 846 |
| 490 ## - SERİSİ TABLOSU | |
| Seri Beyanı | Anı Dizisi |
| Hacim / Ardışık Tanımı | 39 |
| 600 ## - KONU KATMA GİRİŞ - KURUMSAL ADI | |
| Kişisel Ad | İsvan, Ahmet |
| Başlıklar Ve Bir Adla İlişkili Diğer Kelimeler | İstanbul Belediye Başkanı |
| Bir Adıyla İlişkilendirilen Tarihler | 1923- |
| Genel Alt Bölümü | Anılar |
| 610 ## - KONU KATMA GİRİŞ - TOPLANTI ADI | |
| Giriş Elemanı Olarak Kurumsal Ad Veya Yargı Alanı Adı | CHP |
| Genel Alt Bölüm | Yerel yönetimler |
| Coğrafi Alt Bölüm | İstanbul |
| 650 ## - KONU KATMA GİRİŞ - TOPİKAL DÖNEM | |
| Topikal Süreli Veya Coğrafi Ad Giriş Elemanı | Belediye başkanları |
| Genel Alt Bölümü | Anılar |
| Coğrafi Alt Bölümü | İstanbul |
| 650 ## - KONU KATMA GİRİŞ - TOPİKAL DÖNEM | |
| Topikal Süreli Veya Coğrafi Ad Giriş Elemanı | 12 Eylül 1980 |
| Genel Alt Bölümü | Anılar |
| Coğrafi Alt Bölümü | İstanbul |
| 651 ## - KONU KATMA GİRİŞ - COĞRAFİ ADI | |
| Coğrafi İsim | İstanbul |
| Genel Alt Bölümü | Siyaset ve yönetim |
| 942 ## - EKLENDİ GİRİŞ ELEMANLARI (KOHA) | |
| Sınıflandırma Veya Raf Düzeni Kaynak | Dewey Decimal Classification |
| Koha Öğesi Türü | Books |
| 999 ## - SİSTEM KONTROL NUMARALARI (KOHA) | |
| Koha Biblionumber | 8918 |
| Koha Biblioitemnumber | 8918 |
| Kalıcı Konum | Mevcut Konum | Edinme Tarihi | Edinim Kaynak | Toplam Check-Out'Lar | Tam Çağrı Numarası | Barkod | Tarih Son Görülme | İtibaren Geçerli Fiyatlar | Koha Öğesi Türü |
|---|---|---|---|---|---|---|---|---|---|
| CHP Kütüphanesi | CHP Kütüphanesi | 08/24/2016 | Bağış | CHP 923.2 İsvan,A. İ78b 2002 | 001940 | 08/24/2016 | 08/24/2016 | Books |
